00438nam a2200157Ia 4500003000400000008004100004040001600045082001300061100002100074245006100095260005200156300001000208490002500218650001500243650002200258GCL140319s9999 xx 000 0 eng d aGCL / cGCL04a843bP N1 aPOE, EDJAR ALLAN10aNOUVELLES HISTOIRES EXTRAORDINAIRES / cPOE, EDJAR ALLAN a[S.N] : bLIBRAIRE GENERALE FRANCAISE ، c1972 a264 P aLE LIVRE DE POCHEv004aLITERATURE04aFRENCH LITERATURE